| 000 | 00444nam a22001697a 4500 | ||
|---|---|---|---|
| 003 | CEME | ||
| 005 | 20210628203106.0 | ||
| 008 | 210201b xxu||||| |||| 00| 0 eng d | ||
| 020 | _a9788179102602 | ||
| 040 | _c. | ||
| 082 | _a662.88 POO | ||
| 100 |
_aPoonia, M.P , Mehla, S.K _963273 |
||
| 245 | _aBiodiesel , performance evaluation of internal combustion engines | ||
| 260 |
_aINDIA _bPDF _c2008 |
||
| 300 | _aXIX, 235P | ||
| 942 |
_cBK _2ddc |
||
| 999 |
_c572145 _d572145 |
||